000 00642cam a2200217 a 4500
001 000019844
003 UkOxU
005 20200929170148.0
008 740729s1963 ne 000 0 fre d
040 _aDO-SdBNP
_bfre
_cOxford
_dBNPHU
082 _ann*
_bR817s, 1963
100 1 _aRosetti, Alexandru,
_d1895-1990
_942352
245 1 0 _aSur la théorie de la syllabe /
_cA. Rosetti.
250 _a2a ed.
260 _aThe Hague :
_bMouton,
_c1963.
300 _a43 p. ;
_c23 cm.
490 1 _aJanua Linguarum. Minor
_v9
650 0 _aPhonetics.
_942353
830 0 _aJanua Linguarum.
_pMinor
_v9
_942354
910 _aCatalogación derivada /Oxford
999 _c19357
_d19357